000 00263nam a2200109Ia 4500
082 _a615.538
_bV 13 N
100 _aNUMBURI,U.R. SOSHAR
245 _aTEXTBOOK OF VYAVAHARAYURVEDA
260 _bCHAUKHAMBHA PUB. NEW DELHI
_c2013
300 _a362
942 _2ddc
_cBK
_042
999 _c7730
_d7730